| 000 | 00859cab a2200217 4500 | ||
|---|---|---|---|
| 001 | WB3523-44 | ||
| 008 | 090401t1999 xxu||||| |||| 00| 0 eng d | ||
| 035 | _a(Sirsi) u93918 | ||
| 041 | _aeng | ||
| 245 | _aTraining ground for tax evaders. | ||
| 260 | _c1999 | ||
| 350 | _a0 | ||
| 490 |
_aTimes Weekend _v12 June 1999, 14(1) |
||
| 520 | _aDiscusses the effect of the rise in stamp duty on sales above £250,000 in the property market. In place of the old rate of 1% on properties over £60, 000, stamp duty is now 2.5% for properties worth £250,001 to £500,000. Nick Gibb, Shadow Treasury minister believes the duty has created an incentive for law-abiding people to fabricate deals to avoid the tax. | ||
| 650 | _aPROPERTY MARKET | ||
| 650 | _aSTAMP DUTIES | ||
| 650 | _aTAX EVASION | ||
| 690 | _aTAXATION | ||
| 942 | _n0 | ||
| 948 | _c15/06/1999 | ||
| 999 |
_c59519 _d59519 |
||